First and Last Five Countries Alphabetically by Continent - Statistics

General Stats
  • This quiz has been taken 105 times
  • The average score is 42 of 50
Answer Stats
Hint Answer % Correct
First 5 Albania
100%
Andorra
96%
Austria
92%
Belgium
92%
First 5 Afghanistan
90%
First 5 Algeria
90%
Armenia
90%
First 5 Australia
90%
Azerbaijan
90%
Vanuatu
90%
Vatican City
90%
Angola
89%
First 5 Antigua and Barbuda
89%
Belarus
89%
Zambia
89%
Zimbabwe
89%
Tonga
88%
Tuvalu
88%
Bahamas
86%
Last 5 Samoa
86%
Argentina
85%
Barbados
85%
Switzerland
85%
United Kingdom
85%
Venezuela
85%
Benin
84%
Botswana
84%
Solomon Islands
84%
Last 5 Sweden
84%
Vietnam
84%
Bahrain
82%
Belize
82%
Fiji
82%
Marshall Islands
81%
Uruguay
81%
Yemen
81%
Bangladesh
79%
Kiribati
79%
Ukraine
79%
Uganda
78%
Uzbekistan
78%
Federated States of Micronesia
75%
Trinidad and Tobago
75%
United Arab Emirates
75%
United States of America
75%
Last 5 Turkmenistan
74%
Burkina Faso
71%
Last 5 Togo
70%
Last 5 Suriname
67%
Tunisia
63%
No matching quizzes found
Score Distribution
Percent of People with Each Score
Percentile by Number Answered
Your Score History
You have not taken this quiz